000 00580 a2200229 4500
005 20260218111843.0
008 260218b |||||||| |||| 00| 0 eng d
020 _a9788130924175
_cRs. 1595.00
040 _aMAIN
082 _a539.7
_bK123N(2)
100 _aKakani, S L
245 _aNuclear and particle physics
250 _a2nd
260 _b Viva Books
_c2025
_aNew Delhi
300 _aviii, 1019
650 _aNuclear Physics
650 _aAtomic Structure
650 _aRadioactivity
650 _aNuclear Reactions
700 _aKakani, Shubhra
942 _cBK
999 _c396424
_d396424